| 000 | 00640nam a2200157 a 4500 | ||
|---|---|---|---|
| 001 | 000041005 | ||
| 005 | 20201002034538.0 | ||
| 008 | 130913s1990 sp abc 000 0 spa d | ||
| 020 | _a8400070593 | ||
| 040 |
_aDO-SdBNP _bspa _cBNPHU |
||
| 100 | 1 |
_aBlas Aritio, Luis _967451 |
|
| 245 | 1 | 0 |
_aVasco Núñez de Balboa y los cronistas de Indias / _cLuis Blas Aritio ; intruducción general Carmen Mena García. |
| 260 |
_aMadrid : _bComisión Nacional para la conmemoración del Quinto Centenacio del Descubrimiento del Océano Pafífico, _c1990. |
||
| 300 |
_a543 p. : _bil., mapas, retrs. ; _c32 cm. |
||
| 700 | 1 |
_aMena García, Carmen _eintr. _967452 |
|
| 999 |
_c40495 _d40495 |
||